<?xml version="1.0" encoding="UTF-8"?>
<record
    xmlns:xsi="http://www.w3.org/2001/XMLSchema-instance"
    xsi:schemaLocation="http://www.loc.gov/MARC21/slim http://www.loc.gov/standards/marcxml/schema/MARC21slim.xsd"
    xmlns="http://www.loc.gov/MARC21/slim">

  <leader>03690njm a2200577Ia 4500</leader>
  <controlfield tag="001">23935</controlfield>
  <controlfield tag="003">IT-RoPAU</controlfield>
  <controlfield tag="005">20220918181120.0</controlfield>
  <controlfield tag="008">131025s9999    xx            000 0 und d</controlfield>
  <datafield tag="040" ind1=" " ind2=" ">
    <subfield code="a">IT-RoPAU</subfield>
  </datafield>
  <datafield tag="040" ind1=" " ind2=" ">
    <subfield code="c">IT-RoPAU</subfield>
  </datafield>
  <datafield tag="041" ind1=" " ind2=" ">
    <subfield code="a">ITALIANO</subfield>
  </datafield>
  <datafield tag="999" ind1=" " ind2=" ">
    <subfield code="c">99729</subfield>
    <subfield code="d">99729</subfield>
  </datafield>
  <datafield tag="999" ind1=" " ind2=" ">
    <subfield code="b">n.d.</subfield>
  </datafield>
  <datafield tag="100" ind1=" " ind2=" ">
    <subfield code="a">AA.VV.</subfield>
    <subfield code="9">794</subfield>
  </datafield>
  <datafield tag="100" ind1=" " ind2=" ">
    <subfield code="e">Autore musica</subfield>
    <subfield code="9">7682</subfield>
  </datafield>
  <datafield tag="100" ind1=" " ind2=" ">
    <subfield code="g">Codice autore musica SPICS: 12000</subfield>
    <subfield code="9">796</subfield>
  </datafield>
  <datafield tag="245" ind1=" " ind2=" ">
    <subfield code="a">A.O.I.-Inni, marce e canzoni della guerra d'Africa (Lp Sm 3377)</subfield>
  </datafield>
  <datafield tag="250" ind1=" " ind2=" ">
    <subfield code="a">1a ed.</subfield>
  </datafield>
  <datafield tag="260" ind1=" " ind2=" ">
    <subfield code="a">ITALIA</subfield>
  </datafield>
  <datafield tag="260" ind1=" " ind2=" ">
    <subfield code="b">SIGNAL RECORD</subfield>
    <subfield code="c">1970 [1a Ed.:1970]</subfield>
  </datafield>
  <datafield tag="300" ind1=" " ind2=" ">
    <subfield code="a">DISCO</subfield>
  </datafield>
  <datafield tag="500" ind1=" " ind2=" ">
    <subfield code="a">Documenti del nostro tempo. Inni, marce e canzoni della guerra d'Africa. Musica popolare.</subfield>
  </datafield>
  <datafield tag="505" ind1=" " ind2=" ">
    <subfield code="a">Tripoli bel suol d'amore - Faccetta nera - Adua - Il ritorno del legionario  - Il canto dei volontari d'Africa - Africanella - Africa nostra - La sagra di Giarabub - In Africa si va - Ti saluto e vado in Abissinia - Stornelli neri - C'era una volta il Negus - Ei fu - Povero Selassi&#xE8; - O morettina</subfield>
  </datafield>
  <datafield tag="650" ind1=" " ind2=" ">
    <subfield code="a">POPOLARE [DISCHI]</subfield>
    <subfield code="e">Codice MATERIA SPICS: 9950</subfield>
    <subfield code="9">7683</subfield>
  </datafield>
  <datafield tag="700" ind1=" " ind2=" ">
    <subfield code="a">Arona C.</subfield>
    <subfield code="d">Codice autore musica SPICS: 14212</subfield>
    <subfield code="e">Autore musica</subfield>
    <subfield code="p">Tripoli bel suol d'amore</subfield>
    <subfield code="9">7684</subfield>
  </datafield>
  <datafield tag="700" ind1=" " ind2=" ">
    <subfield code="a">Corvetto G.</subfield>
    <subfield code="d">Codice autore SPICS: 14217</subfield>
    <subfield code="e">Autore</subfield>
    <subfield code="p">Tripoli bel suol d'amore</subfield>
    <subfield code="9">7685</subfield>
  </datafield>
  <datafield tag="700" ind1=" " ind2=" ">
    <subfield code="a">Ruccione Mario</subfield>
    <subfield code="d">Codice autore musica SPICS: 13479</subfield>
    <subfield code="e">Autore musica</subfield>
    <subfield code="p">Faccetta nera - Africa nostra - La sagra di Giarabub</subfield>
    <subfield code="9">7686</subfield>
  </datafield>
  <datafield tag="700" ind1=" " ind2=" ">
    <subfield code="a">Micheli Giuseppe</subfield>
    <subfield code="d">Codice autore SPICS: 13556</subfield>
    <subfield code="e">Autore</subfield>
    <subfield code="p">Faccetta nera</subfield>
    <subfield code="9">7687</subfield>
  </datafield>
  <datafield tag="700" ind1=" " ind2=" ">
    <subfield code="a">Pellegrino Francesco</subfield>
    <subfield code="d">Codice autore musica SPICS: 13551</subfield>
    <subfield code="e">Autore musica</subfield>
    <subfield code="p">Il ritorno del legionario</subfield>
    <subfield code="9">7688</subfield>
  </datafield>
  <datafield tag="700" ind1=" " ind2=" ">
    <subfield code="a">Ciavarra</subfield>
    <subfield code="d">Codice autore SPICS: 14218</subfield>
    <subfield code="e">Autore</subfield>
    <subfield code="p">Il ritorno del legionario</subfield>
    <subfield code="9">7689</subfield>
  </datafield>
  <datafield tag="700" ind1=" " ind2=" ">
    <subfield code="a">Boscoli</subfield>
    <subfield code="d">Codice autore musica SPICS: 14219</subfield>
    <subfield code="e">Autore musica</subfield>
    <subfield code="p">Il canto dei volontari d'Africa</subfield>
    <subfield code="9">7690</subfield>
  </datafield>
  <datafield tag="700" ind1=" " ind2=" ">
    <subfield code="a">Sandri Carlo</subfield>
    <subfield code="d">Codice autore SPICS: 13975</subfield>
    <subfield code="e">Autore</subfield>
    <subfield code="p">Il canto dei volontari d'Africa</subfield>
    <subfield code="9">7691</subfield>
  </datafield>
  <datafield tag="700" ind1=" " ind2=" ">
    <subfield code="a">Clausetti L.</subfield>
    <subfield code="d">Codice autore musica SPICS: 14220</subfield>
    <subfield code="e">Autore musica</subfield>
    <subfield code="p">Africanella</subfield>
    <subfield code="9">7692</subfield>
  </datafield>
  <datafield tag="700" ind1=" " ind2=" ">
    <subfield code="a">De Torres Ferrante Alvaro</subfield>
    <subfield code="d">Codice autore SPICS: 13636</subfield>
    <subfield code="e">Autore</subfield>
    <subfield code="p">La sagra di Giarabub</subfield>
    <subfield code="9">7693</subfield>
  </datafield>
  <datafield tag="700" ind1=" " ind2=" ">
    <subfield code="a">Simeoni Alberto</subfield>
    <subfield code="d">Codice autore testo/musica SPICS: 13563</subfield>
    <subfield code="e">Autore testo/musica</subfield>
    <subfield code="p">La sagra di Giarabub</subfield>
    <subfield code="9">7694</subfield>
  </datafield>
  <datafield tag="700" ind1=" " ind2=" ">
    <subfield code="a">Raimondo Giovanni</subfield>
    <subfield code="d">Codice autore musica SPICS: 13444</subfield>
    <subfield code="e">Autore musica</subfield>
    <subfield code="p">In Africa si va</subfield>
    <subfield code="9">7695</subfield>
  </datafield>
  <datafield tag="700" ind1=" " ind2=" ">
    <subfield code="a">Frati Enrico</subfield>
    <subfield code="d">Codice autore SPICS: 13443</subfield>
    <subfield code="e">Autore</subfield>
    <subfield code="p">In Africa si va - C'era una volta il Negus</subfield>
    <subfield code="9">7696</subfield>
  </datafield>
  <datafield tag="700" ind1=" " ind2=" ">
    <subfield code="a">Rossi Carlo Alberto (Cicero)</subfield>
    <subfield code="d">Codice autore musica SPICS: 13130</subfield>
    <subfield code="e">Autore musica</subfield>
    <subfield code="p">Ti saluto e vado in Abissinia</subfield>
    <subfield code="9">7697</subfield>
  </datafield>
  <datafield tag="700" ind1=" " ind2=" ">
    <subfield code="a">Tinchi</subfield>
    <subfield code="d">Codice autore SPICS: 14221</subfield>
    <subfield code="e">Autore</subfield>
    <subfield code="p">Ti saluto e vado in Abissinia</subfield>
    <subfield code="9">7698</subfield>
  </datafield>
  <datafield tag="700" ind1=" " ind2=" ">
    <subfield code="a">Casaroli</subfield>
    <subfield code="d">Codice autore musica SPICS: 14222</subfield>
    <subfield code="e">Autore musica</subfield>
    <subfield code="p">Stornelli neri</subfield>
    <subfield code="9">7699</subfield>
  </datafield>
  <datafield tag="700" ind1=" " ind2=" ">
    <subfield code="a">Gili</subfield>
    <subfield code="d">Codice autore SPICS: 14223</subfield>
    <subfield code="e">Autore</subfield>
    <subfield code="p">Stornelli neri</subfield>
    <subfield code="9">7700</subfield>
  </datafield>
  <datafield tag="700" ind1=" " ind2=" ">
    <subfield code="a">Marino A.</subfield>
    <subfield code="d">Codice autore testo/musica SPICS: 14224</subfield>
    <subfield code="e">Autore testo/musica</subfield>
    <subfield code="p">Stornelli neri</subfield>
    <subfield code="9">7701</subfield>
  </datafield>
  <datafield tag="700" ind1=" " ind2=" ">
    <subfield code="a">Rost</subfield>
    <subfield code="d">Codice autore SPICS: 14225</subfield>
    <subfield code="e">Autore</subfield>
    <subfield code="p">C'era una volta il Negus</subfield>
    <subfield code="9">7702</subfield>
  </datafield>
  <datafield tag="700" ind1=" " ind2=" ">
    <subfield code="a">Sciorilli Eros</subfield>
    <subfield code="d">Codice autore testo/musica SPICS: 13521</subfield>
    <subfield code="e">Autore testo/musica</subfield>
    <subfield code="p">C'era una volta il Negus</subfield>
    <subfield code="9">7703</subfield>
  </datafield>
  <datafield tag="700" ind1=" " ind2=" ">
    <subfield code="a">Olivieri Dino</subfield>
    <subfield code="d">Codice autore musica SPICS: 13481</subfield>
    <subfield code="e">Autore musica</subfield>
    <subfield code="p">Ei fu</subfield>
    <subfield code="9">7704</subfield>
  </datafield>
  <datafield tag="700" ind1=" " ind2=" ">
    <subfield code="a">Prestini</subfield>
    <subfield code="d">Codice autore SPICS: 14226</subfield>
    <subfield code="e">Autore</subfield>
    <subfield code="p">Ei fu</subfield>
    <subfield code="9">7705</subfield>
  </datafield>
  <datafield tag="700" ind1=" " ind2=" ">
    <subfield code="a">Simonetti I.</subfield>
    <subfield code="d">Codice autore musica SPICS: 14227</subfield>
    <subfield code="e">Autore musica</subfield>
    <subfield code="p">Povero Selassi&#xE8;</subfield>
    <subfield code="9">7706</subfield>
  </datafield>
  <datafield tag="700" ind1=" " ind2=" ">
    <subfield code="a">Maggi A.</subfield>
    <subfield code="d">Codice autore SPICS: 14228</subfield>
    <subfield code="e">Autore</subfield>
    <subfield code="p">Povero Selassi&#xE8;</subfield>
    <subfield code="9">7707</subfield>
  </datafield>
  <datafield tag="700" ind1=" " ind2=" ">
    <subfield code="a">Anonimo</subfield>
    <subfield code="d">Codice autore musica SPICS: 2620</subfield>
    <subfield code="e">Autore musica</subfield>
    <subfield code="p">O morettina</subfield>
    <subfield code="9">7708</subfield>
  </datafield>
  <datafield tag="942" ind1=" " ind2=" ">
    <subfield code="c">MD</subfield>
    <subfield code="2">ddc</subfield>
  </datafield>
  <datafield tag="952" ind1=" " ind2=" ">
    <subfield code="0">0</subfield>
    <subfield code="1">0</subfield>
    <subfield code="4">0</subfield>
    <subfield code="6">23935_000000000000000</subfield>
    <subfield code="7">1</subfield>
    <subfield code="a">SPICS</subfield>
    <subfield code="b">SPICS</subfield>
    <subfield code="d">2013-10-25</subfield>
    <subfield code="l">0</subfield>
    <subfield code="o">23935</subfield>
    <subfield code="r">2013-10-25 00:00:00</subfield>
    <subfield code="w">2013-10-25</subfield>
    <subfield code="y">MD</subfield>
    <subfield code="z">Progr. Ins.: 4782 / N.Vol.: 1 / Copie: 1 - Copia rara: n.d. / date import: 01.01.2014 - By Epidotti, Trombetti, Vaglietti</subfield>
  </datafield>
</record>
